[Event "WYCC 2018 O16"]
[Site "Halkidiki"]
[Date "2018.10.28"]
[Round "9"]
[White "Juksta, Karolis"]
[Black "Bekturov, Tamerlan"]
[Result "0-1"]
[WhiteElo "2234"]
[BlackElo "2297"]
[Annotator "TA"]
[PlyCount "50"]
[EventDate "2018.10.20"]
[EventType "swiss"]
[EventCountry "GRE"]
[SourceTitle "playchess.com"]
[Source "ChessBase"]
[SourceQuality "1"]

{[%evp 13,50,-3,6,-81,-81,-81,-64,-82,-77,-144,-80,-194,-187,-190,-179,-190,-183,-184,-190,-467,-479,-470,-407,-493,-484,-491,-466,-775,-735,-768,-770,-698,-626,-1155,-1090,-29985,-29986,-29989,-29989]} 1. d4 {[%cal Bd2d4,Bd4d5][%mdl 32]} Nf6 2. c4 e6 3. Nc3 Bb4 4. f3 c5 5. d5 b5 6. e4 {E20: Nimzo-Indian: 4 g3 and 4 f3} O-O 7. e5 Ne8 {LiveBook: 59 Games} 8. a3 (8. f4 $11 {keeps the balance.}) (8. f4 exd5 9. cxd5 d6 10. Nf3 Nc7 11. a4 Bb7 12. Bd3 h6 13. O-O c4 14. Bb1 dxe5 15. fxe5 Nxd5 16. Nxb5 {1-0 (36) Mamedyarov,S (2799)-Le,Q (2737) Huaian 2017}) 8... Bxc3+ $146 ({Predecessor:} 8... Ba5 9. f4 d6 10. Nf3 b4 11. axb4 cxb4 12. Qa4 Bb6 13. Qxb4 Na6 {1-0 (48) Grigoryan,K (2580)-Cruz,J (2453) Barcelona 2015}) 9. bxc3 bxc4 10. f4 Qa5 11. Bb2 (11. dxe6 $142 fxe6 12. Qc2) 11... Qb5 ({Black should play} 11... Nc7 12. dxe6 fxe6) 12. Rb1 {[#]} (12. dxe6 $17 {was necessary.} fxe6 13. Bc1) 12... exd5 $1 $19 13. Qxd5 Bb7 14. Qd2 Be4 $36 {[%mdl 2048] White is under strong pressure.} 15. Ra1 d6 16. exd6 $2 {[#]} (16. a4 Qb7 17. Nf3) 16... Nxd6 $1 {[%mdl 512]} 17. Ne2 (17. Qxd6 Qxb2) 17... Nc6 18. a4 Qb7 19. Ba3 Rad8 20. Bxc5 (20. Qb2 $142 Qxb2 21. Bxb2) 20... Nf5 21. Nd4 Rfe8 22. Kf2 Rd5 23. Ba3 Ncxd4 24. Bxc4 Nb3 25. Bxd5 Qb6+ {Precision: White = 14%, Black = 92%.} ({Less strong is} 25... Nxd2 26. Bxb7 Bxb7 27. Rhe1 $17) 0-1

[Event "WYCC 2018 O16"]
[Site "Halkidiki"]
[Date "2018.10.28"]
[Round "9"]
[White "Lund, Gunnar"]
[Black "Buniatyan, David"]
[Result "1/2-1/2"]
[WhiteElo "2227"]
[BlackElo "1795"]
[Annotator "NA"]
[PlyCount "107"]
[EventDate "2018.10.20"]
[EventType "swiss"]
[EventCountry "GRE"]
[SourceTitle "playchess.com"]
[Source "ChessBase"]
[SourceQuality "1"]
[TimeControl "40/5400+30:1800+30"]

1. b3 {[%emt 0:00:00]} e5 {[%emt 0:00:45]} 2. Bb2 {[%emt 0:00:00]} Nc6 {[%emt 0:00:16]} 3. e3 {[%emt 0:00:00]} Nf6 {[%emt 0:01:51]} 4. Bb5 {[%emt 0:00:09]} Bd6 {[%emt 0:01:18]} 5. Na3 {[%emt 0:00:07]} Na5 {[%emt 0:00:24]} 6. Be2 {[%emt 0:02:51]} O-O {[%emt 0:03:04]} 7. Nb5 {[%emt 0:04:06]} Qe7 {[%emt 0:03:27]} 8. Nxd6 {[%emt 0:01:15]} Qxd6 {[%emt 0:01:33]} 9. Nf3 {[%emt 0:04:55]} Nc6 {[%emt 0:01:15]} 10. O-O {[%emt 0:01:04]} e4 {[%emt 0:06:15]} 11. Ng5 {[%emt 0:06:28]} Re8 {[%emt 0:09:20]} 12. Bc4 {[%emt 0:20:22]} Re7 {[%emt 0:15:24]} 13. f3 {[%emt 0:03:15]} Ne5 {[%emt 0:02:16]} 14. Bxe5 {[%emt 0:04:58]} Qxe5 {[%emt 0:00:28]} 15. Nxe4 {[%emt 0:00:31]} Nxe4 {[%emt 0:01:57]} 16. fxe4 {[%emt 0:00:53]} Qxe4 {[%emt 0:03:01]} 17. Qh5 {[%emt 0:00:31]} Qg6 {[%emt 0:05:24]} 18. Qxg6 {[%emt 0:00:57]} hxg6 {[%emt 0:00:05]} 19. Rxf7 {[%emt 0:00:14]} Rxf7 {[%emt 0:05:41]} 20. Rf1 {[%emt 0:00:11]} d5 {[%emt 0:04:01]} 21. Bxd5 {[%emt 0:00:10]} Bf5 {[%emt 0:00:40]} 22. g4 {[%emt 0:05:04]} Rd8 {[%emt 0:03:12]} 23. Bxf7+ {[%emt 0:00:28]} Kxf7 {[%emt 0:00:03]} 24. d3 {[%emt 0:05:07]} Ke6 {[%emt 0:02:04]} 25. gxf5+ {[%emt 0:00:05]} gxf5 {[%emt 0:00:03]} 26. Kg2 {[%emt 0:01:53]} a5 {[%emt 0:05:47]} 27. Rf4 {[%emt 0:01:35]} b5 {[%emt 0:04:17]} 28. e4 {[%emt 0:04:08]} g6 {[%emt 0:01:10]} 29. exf5+ {[%emt 0:01:17]} gxf5 {[%emt 0:00:01]} 30. Rh4 {[%emt 0:00:53]} Rg8+ {[%emt 0:04:52]} 31. Kf2 {[%emt 0:00:13]} Kd6 {[%emt 0:01:15]} 32. Rh7 {[%emt 0:02:07]} c6 {[%emt 0:04:13]} 33. h4 {[%emt 0:00:45]} Kc5 {[%emt 0:02:11]} 34. Rf7 {[%emt 0:04:42]} Kb4 {[%emt 0:00:23]} 35. Rxf5 {[%emt 0:00:12]} Ka3 {[%emt 0:00:29]} 36. c4 {[%emt 0:00:18]} Rb8 {[%emt 0:03:56]} 37. Rc5 {[%emt 0:05:47]} Kxa2 {[%emt 0:03:07]} 38. Rxc6 {[%emt 0:00:11]} Kxb3 {[%emt 0:00:54]} 39. cxb5 {[%emt 0:00:16]} a4 {[%emt 0:01:06]} 40. Ra6 {[%emt 0:00:00]} Rxb5 {[%emt 0:00:00]} 41. d4 {[%emt 0:02:37]} a3 {[%emt 0:01:55]} 42. Kg3 {[%emt 0:14:00]} Rb4 {[%emt 0:08:30]} 43. h5 {[%emt 0:03:30]} a2 {[%emt 0:06:19]} 44. Rxa2 {[%emt 0:00:24]} Kxa2 {[%emt 0:00:10]} 45. Kg4 {[%emt 0:00:03]} Rxd4+ {[%emt 0:00:21]} 46. Kg5 {[%emt 0:00:12]} Kb3 {[%emt 0:00:37]} 47. h6 {[%emt 0:00:05]} Rd1 {[%emt 0:00:23]} 48. h7 {[%emt 0:00:13]} Rh1 {[%emt 0:00:10]} 49. Kg6 {[%emt 0:00:03]} Kc4 {[%emt 0:00:18]} 50. Kg7 {[%emt 0:01:17]} Rg1+ {[%emt 0:00:19]} 51. Kf8 {[%emt 0:00:44]} Rh1 {[%emt 0:00:14]} 52. Kg8 {[%emt 0:00:01]} Kd5 {[%emt 0:00:13]} 53. h8=Q {[%emt 0:00:04]} Rxh8+ {[%emt 0:00:08]} 54. Kxh8 1/2-1/2

[Event "WYCC 2018 O16"]
[Site "Halkidiki"]
[Date "2018.10.28"]
[Round "9"]
[White "Alivodic, Dario"]
[Black "Baenziger, Fabian"]
[Result "1/2-1/2"]
[WhiteElo "2082"]
[BlackElo "2355"]
[Annotator "TA"]
[PlyCount "57"]
[EventDate "2018.10.20"]
[EventType "swiss"]
[EventCountry "GRE"]
[SourceTitle "playchess.com"]
[Source "ChessBase"]
[SourceQuality "1"]

{[%evp 13,57,33,37,2,22,22,18,0,11,0,0,-14,-15,-16,0,-57,16,17,26,17,0,0,0,0,47,4,31,-36,0,0,0,0,7,0,6,-8,-8,-8,-7,-7,-7,-10,-7,-11,0,-18]} 1. d4 Nf6 2. c4 g6 3. Nc3 Bg7 4. e4 d6 5. Nge2 O-O 6. Ng3 a6 7. Be2 {E70: King's Indian: Miscellaneous lines with 4 e4, including 5 Nge2 and 5 Bd3 0-0 6 Nge2} Nbd7 {LiveBook: 7 Games} (7... h5 8. h4 c5 9. d5 b5 10. cxb5 axb5 11. Nxb5 Ba6 12. a4 Ne8 13. Ra3 Nc7 14. O-O Nd7 {1-0 (48) Cuenca Jimenez,J (2506)-Del Rio de Angelis,S (2525) Linares 2018}) 8. h4 c5 9. d5 h5 10. Be3 Ne5 11. f3 e6 12. Qd2 exd5 13. exd5 Re8 14. O-O $146 (14. b3 $11) ({Predecessor:} 14. Nge4 Nxe4 15. Nxe4 Bf5 16. Bg5 f6 17. Bf4 Bxe4 18. fxe4 {0-1 (27) Steffenello,L-Valle,A (2229) Brazil 2000}) 14... b5 (14... Nh7 $1 $15) 15. cxb5 $11 axb5 16. Bxb5 Bd7 17. Bg5 Bxb5 18. Nxb5 Qb6 19. a4 (19. Bxf6 $5 Bxf6 20. Ne4 $11) 19... Nh7 20. Qf4 ({White should play} 20. Ne4 $14) 20... Nxg5 21. hxg5 {The position is equal.} Nd3 22. Qxd6 Qxd6 23. Nxd6 Red8 $132 {[%mdl 2048] Black has counterplay} 24. Nc4 (24. Nge4 {keeps more tension.} Bxb2 25. Rad1 Bd4+ 26. Kh2 Nb2 27. Rd2) 24... Nxb2 25. Nxb2 Bxb2 26. Ra2 $1 {[%cal Ra2b2]} Bd4+ 27. Kh2 Rxd5 28. Ne4 Kg7 29. g3 {Precision: White = 41%, Black = 53%.} 1/2-1/2

[Event "WYCC 2018 O16"]
[Site "Halkidiki"]
[Date "2018.10.28"]
[Round "9"]
[White "French, Max"]
[Black "Mis, Mieszko"]
[Result "0-1"]
[WhiteElo "2074"]
[BlackElo "2307"]
[Annotator "NA"]
[PlyCount "94"]
[EventDate "2018.10.20"]
[EventType "swiss"]
[EventCountry "GRE"]
[SourceTitle "playchess.com"]
[Source "ChessBase"]
[SourceQuality "1"]
[TimeControl "40/5400+30:1800+30"]

1. d4 {[%emt 0:00:00]} Nf6 {[%emt 0:00:00]} 2. c4 {[%emt 0:00:30]} g6 {[%emt 0:00:00]} 3. Nc3 {[%emt 0:00:09]} d5 {[%emt 0:00:00]} 4. cxd5 {[%emt 0:00:13]} Nxd5 {[%emt 0:00:01]} 5. e4 {[%emt 0:00:05]} Nxc3 {[%emt 0:00:09]} 6. bxc3 {[%emt 0:00:06]} Bg7 {[%emt 0:00:04]} 7. Bc4 {[%emt 0:00:30]} O-O {[%emt 0:01:08]} 8. Ne2 {[%emt 0:00:05]} c5 {[%emt 0:00:05]} 9. O-O {[%emt 0:00:06]} Nc6 {[%emt 0:01:28]} 10. Be3 {[%emt 0:00:07]} Qc7 {[%emt 0:04:41]} 11. Rc1 {[%emt 0:00:12]} Rd8 {[%emt 0:02:34]} 12. Qd2 {[%emt 0:00:17]} b6 {[%emt 0:04:20]} 13. Bh6 {[%emt 0:03:16]} Bb7 {[%emt 0:04:47] D87: Exchange Grünfeld: Classical Line: Variations without ...cxd4} 14. Bxg7 {[%emt 0:00:57]} Kxg7 {[%emt 0:00:03]} 15. Qe3 {[%emt 0:07:04]} e6 {[%emt 0:06:57]} 16. f4 {[%emt 0:21:07]} Qe7 {[%emt 0:04:15] [#]} 17. Rf3 $146 {[%emt 0:05:20]} ({Predecessor:} 17. Qf2 $11 f5 18. Bd3 fxe4 19. Bxe4 Nxd4 20. cxd4 Bxe4 21. dxc5 bxc5 22. Rxc5 {0-1 (34) Bacrot,E (2706)-Vachier Lagrave,M (2682) Nancy 2012}) 17... f5 {[%emt 0:07:41]} 18. exf5 {[%emt 0:10:58]} exf5 {[%emt 0:02:18]} 19. Qxe7+ {[%emt 0:00:27]} Nxe7 $11 {[%emt 0:00:03]} 20. Re3 {[%emt 0:01:20]} Be4 {[%emt 0:07:28]} 21. dxc5 {[%emt 0:07:04]} bxc5 {[%emt 0:09:06]} 22. Ng3 {[%emt 0:01:05]} Nd5 {[%emt 0:00:10]} 23. Bxd5 {[%emt 0:00:48]} Bxd5 {[%emt 0:00:07]} 24. Re7+ {[%emt 0:02:59]} Kg8 {[%emt 0:04:07]} 25. Rc2 {[%emt 0:08:10]} Bc4 {[%emt 0:03:15]} 26. Kf2 {[%emt 0:04:07]} a5 {[%emt 0:03:13]} 27. Nf1 {[%emt 0:02:53]} a4 {[%emt 0:08:29]} 28. Ne3 {[%emt 0:01:00]} Bd3 {[%emt 0:03:09]} 29. Rd2 {[%emt 0:06:11]} Be4 {[%emt 0:00:35]} 30. Nc4 {[%emt 0:01:09]} Bb1 {[%emt 0:06:39]} 31. Rb2 {[%emt 0:05:38]} Rab8 {[%emt 0:00:57]} 32. Rxb8 {[%emt 0:00:06]} Rxb8 {[%emt 0:00:01]} 33. Ra7 {[%emt 0:00:09]} Bxa2 {[%emt 0:00:17]} 34. Rxa4 {[%emt 0:01:02]} Bb3 {[%emt 0:00:12]} 35. Ra5 {[%emt 0:00:05]} Bxc4 {[%emt 0:00:05]} 36. Rxc5 {[%emt 0:00:04]} Be6 {[%emt 0:00:22]} 37. Re5 {[%emt 0:00:33]} Kf7 {[%emt 0:00:05]} 38. Re2 {[%emt 0:00:08]} Rc8 {[%emt 0:00:22]} 39. Re3 {[%emt 0:00:29]} Kf6 {[%emt 0:00:09]} 40. h3 {[%emt 0:00:00]} Bd5 {[%emt 0:00:00]} 41. g4 {[%emt 0:01:32]} Be4 {[%emt 0:01:30]} 42. Kg3 {[%emt 0:00:16]} Rd8 {[%emt 0:00:16]} 43. Kh4 {[%emt 0:00:44]} h6 {[%emt 0:00:23]} 44. g5+ {[%emt 0:00:50]} hxg5+ {[%emt 0:00:07]} 45. fxg5+ {[%emt 0:00:04]} Ke5 {[%emt 0:00:06]} 46. Re2 {[%emt 0:00:21]} Kf4 {[%emt 0:00:28]} 47. Rf2+ {[%emt 0:00:08]} Bf3 {[%emt 0:00:09]} 0-1

[Event "WYCC 2018 O16"]
[Site "Halkidiki"]
[Date "2018.10.28"]
[Round "9"]
[White "Carlsson, Ludvig"]
[Black "Olsen, Filip Boe"]
[Result "0-1"]
[WhiteElo "2058"]
[BlackElo "2335"]
[Annotator "NA"]
[PlyCount "176"]
[EventDate "2018.10.20"]
[EventType "swiss"]
[EventCountry "GRE"]
[SourceTitle "playchess.com"]
[Source "ChessBase"]
[SourceQuality "1"]
[TimeControl "40/5400+30:1800+30"]

1. e4 {[%emt 0:00:00]} c6 {[%emt 0:00:00]} 2. d4 {[%emt 0:00:00]} d5 {[%emt 0:00:00]} 3. Nc3 {[%emt 0:00:01]} dxe4 {[%emt 0:00:00]} 4. Nxe4 {[%emt 0:00:11]} Bf5 {[%emt 0:00:03]} 5. Ng3 {[%emt 0:00:14]} Bg6 {[%emt 0:00:09]} 6. h4 {[%emt 0:00:12]} h6 {[%emt 0:00:06]} 7. Nf3 {[%emt 0:00:08]} Nd7 {[%emt 0:00:06]} 8. h5 {[%emt 0:00:12]} Bh7 {[%emt 0:00:12]} 9. Bd3 {[%emt 0:00:06]} Bxd3 {[%emt 0:00:11]} 10. Qxd3 {[%emt 0:00:07]} e6 {[%emt 0:00:06]} 11. Bd2 {[%emt 0:00:08]} Ngf6 {[%emt 0:00:21]} 12. O-O-O {[%emt 0:00:15]} Qc7 {[%emt 0:00:18]} 13. Ne4 {[%emt 0:00:10]} O-O-O {[%emt 0:00:45]} 14. g3 {[%emt 0:14:16]} Be7 {[%emt 0:00:35]} 15. Nxf6 {[%emt 0:15:25]} Nxf6 {[%emt 0:00:58]} 16. Ne5 {[%emt 0:00:11]} Bc5 {[%emt 0:04:40]} 17. Be3 {[%emt 0:02:57]} Bxd4 {[%emt 0:04:56]} 18. Bxd4 {[%emt 0:00:17]} c5 {[%emt 0:00:13]} 19. Nxf7 {[%emt 0:02:05]} Rxd4 {[%emt 0:00:15]} 20. Nxh8 {[%emt 0:00:11]} Rxd3 {[%emt 0:00:18]} 21. Rxd3 {[%emt 0:00:13]} c4 {[%emt 0:00:42]} 22. Ra3 {[%emt 0:09:03]} Nd5 {[%emt 0:06:15]} 23. Rd1 {[%emt 0:04:58]} Qc5 {[%emt 0:07:49]} 24. Ng6 {[%emt 0:14:41]} Qxf2 {[%emt 0:02:05]} 25. Rd2 {[%emt 0:04:28]} Qg1+ {[%emt 0:04:20]} 26. Rd1 {[%emt 0:00:07]} Qh2 {[%emt 0:02:17]} 27. Nf4 {[%emt 0:00:15]} Nxf4 {[%emt 0:11:50]} 28. gxf4 {[%emt 0:00:08]} Qxf4+ {[%emt 0:00:13]} 29. Kb1 {[%emt 0:00:58]} Qg4 {[%emt 0:07:52]} 30. Rh1 {[%emt 0:00:27]} Kd7 {[%emt 0:05:00]} 31. Re3 {[%emt 0:02:30]} a6 {[%emt 0:05:00]} 32. a3 {[%emt 0:01:11]} b5 {[%emt 0:00:42]} 33. Re5 {[%emt 0:00:13]} Qf3 {[%emt 0:01:17]} 34. Rhe1 {[%emt 0:00:42]} Qf6 {[%emt 0:00:36]} 35. R5e3 {[%emt 0:01:42]} Kd6 {[%emt 0:02:15]} 36. Rd1+ {[%emt 0:01:21]} Kc6 {[%emt 0:00:47]} 37. Rde1 {[%emt 0:00:15]} Kd6 {[%emt 0:00:25]} 38. Rd1+ {[%emt 0:00:18]} Ke7 {[%emt 0:00:09]} 39. Rg1 {[%emt 0:00:50]} Qd4 {[%emt 0:06:04]} 40. Rge1 {[%emt 0:00:00]} Qd5 {[%emt 0:00:00]} 41. Re5 {[%emt 0:02:53]} Qd6 {[%emt 0:02:18]} 42. R5e3 {[%emt 0:00:14]} a5 {[%emt 0:02:06]} 43. Rg1 {[%emt 0:01:34]} Qd4 {[%emt 0:00:46]} 44. Rge1 {[%emt 0:01:56]} Qd5 {[%emt 0:01:05]} 45. Re5 {[%emt 0:02:35]} Qc6 {[%emt 0:00:21]} 46. R5e3 {[%emt 0:00:14]} b4 {[%emt 0:03:00]} 47. axb4 {[%emt 0:00:40]} axb4 {[%emt 0:00:02]} 48. Rg3 {[%emt 0:00:18]} Kf8 {[%emt 0:02:08]} 49. Rge3 {[%emt 0:00:55]} Kf7 {[%emt 0:01:16]} 50. Rf1+ {[%emt 0:00:09]} Kg8 {[%emt 0:00:59]} 51. Rfe1 {[%emt 0:02:24]} Qb5 {[%emt 0:02:55]} 52. Re5 {[%emt 0:06:18]} Qa4 {[%emt 0:02:08]} 53. R1e4 {[%emt 0:00:08]} b3 {[%emt 0:00:57]} 54. cxb3 {[%emt 0:00:08]} Qxb3 {[%emt 0:00:14]} 55. Re3 {[%emt 0:00:06]} Qd1+ {[%emt 0:01:01]} 56. Ka2 {[%emt 0:00:06]} Kh7 {[%emt 0:03:18]} 57. Rg3 {[%emt 0:04:15]} Qd4 {[%emt 0:04:26]} 58. Rge3 {[%emt 0:00:20]} Qa7+ {[%emt 0:02:34]} 59. Kb1 {[%emt 0:01:36]} Qb7 {[%emt 0:00:29]} 60. Ka2 {[%emt 0:02:12]} Kg8 {[%emt 0:02:04]} 61. Kb1 {[%emt 0:03:19]} Kf7 {[%emt 0:01:49]} 62. Kc2 {[%emt 0:00:07]} Qb6 {[%emt 0:01:43]} 63. Kc3 {[%emt 0:04:26]} Qb3+ {[%emt 0:02:39]} 64. Kd4 {[%emt 0:00:28]} Qb4 {[%emt 0:01:28]} 65. Rc3 {[%emt 0:02:22]} Kf6 {[%emt 0:02:08]} 66. Re2 {[%emt 0:03:29]} Qd6+ {[%emt 0:00:38]} 67. Ke3 {[%emt 0:00:11]} Qe5+ {[%emt 0:01:18]} 68. Kd2 {[%emt 0:00:12]} Qd4+ {[%emt 0:03:05]} 69. Ke1 {[%emt 0:02:33]} e5 {[%emt 0:00:41]} 70. Rf2+ {[%emt 0:01:33]} Ke6 {[%emt 0:00:20]} 71. Rfc2 {[%emt 0:00:06]} Qh4+ {[%emt 0:00:45]} 72. Kf1 {[%emt 0:00:30]} Qxh5 {[%emt 0:03:00]} 73. Rxc4 {[%emt 0:00:08]} Qf3+ {[%emt 0:00:03]} 74. Kg1 {[%emt 0:01:28]} Qe3+ {[%emt 0:00:31]} 75. Kf1 {[%emt 0:00:19]} h5 {[%emt 0:00:48]} 76. b4 {[%emt 0:00:17]} g5 {[%emt 0:01:41]} 77. Rc6+ {[%emt 0:07:18]} Kf5 {[%emt 0:02:04]} 78. Rf2+ {[%emt 0:00:25]} Kg4 {[%emt 0:00:22]} 79. Rg2+ {[%emt 0:00:35]} Kh3 {[%emt 0:01:30]} 80. Rgc2 {[%emt 0:01:30]} Qf3+ {[%emt 0:00:26]} 81. Ke1 {[%emt 0:02:55]} Qe4+ {[%emt 0:00:27]} 82. Kf2 {[%emt 0:01:41]} Qf4+ {[%emt 0:01:57]} 83. Kg1 {[%emt 0:00:55]} g4 {[%emt 0:01:12]} 84. R6c3+ {[%emt 0:01:30]} g3 {[%emt 0:00:50]} 85. Rh2+ {[%emt 0:00:06]} Kg4 {[%emt 0:00:09]} 86. Rhc2 {[%emt 0:00:05]} e4 {[%emt 0:01:48]} 87. Rxg3+ {[%emt 0:01:12]} Kxg3 {[%emt 0:00:36]} 88. Rg2+ {[%emt 0:00:07]} Kh3 {[%emt 0:00:11]} 0-1

[Event "WYCC 2018 O16"]
[Site "Halkidiki"]
[Date "2018.10.28"]
[Round "9"]
[White "Triantos, Konstantinos"]
[Black "Kotau, Arseni"]
[Result "1-0"]
[WhiteElo "2002"]
[BlackElo "2167"]
[Annotator "TA"]
[PlyCount "59"]
[EventDate "2018.10.20"]
[EventType "swiss"]
[EventCountry "GRE"]
[SourceTitle "playchess.com"]
[Source "ChessBase"]
[SourceQuality "1"]

{[%evp 24,58,57,56,52,41,158,156,155,119,132,110,219,189,191,178,197,179,455,383,600,570,634,729,696,684,1029,823,2365,2302,29991,29992,29992,29993,29993,29994,29999]} 1. e4 c5 2. Nf3 e6 3. d4 cxd4 4. Nxd4 a6 5. c4 Nf6 6. Nc3 Qc7 7. Be2 b6 8. O-O Bb7 {B41: Sicilian: Kan Variation: 5 c4} 9. Qd3 (9. f3 Be7 10. Be3 d6 11. b4 O-O 12. Qd2 Nbd7 13. Rfc1 Rac8 14. a4 Rfe8 15. a5 bxa5 16. Rxa5 {0-1 (32) Savchenko,B (2562)-Sjugirov,S (2654) Sochi 2018}) 9... Be7 10. f4 d6 11. Be3 Nbd7 12. b4 O-O 13. Rac1 {LiveBook: 11 Games} Rac8 14. g4 {[%cal Bg2g4,Bg4g5][%mdl 32]} Rfd8 (14... h6 $14) 15. g5 $16 Ne8 $146 ({Predecessor:} 15... Nc5 16. bxc5 dxc5 17. gxf6 gxf6 {1-0 (27) Marrero Lopez,Y (2281)-Suasnabar,J (2003) Bogota 2015}) 16. h4 Bf8 17. h5 e5 (17... d5 $16) 18. Nd5 $36 {[%mdl 2048] White is on the roll.} Qb8 19. Nf5 {[%cal Bd4f5,Bf5h4,Bh4g6][%mdl 32]} Bxd5 20. exd5 ({Resist} 20. cxd5 $6 b5 $16) 20... g6 $2 {[#]} (20... b5 {keeps fighting.} 21. cxb5 Rxc1 22. Rxc1 g6) 21. Nh4 exf4 (21... Ng7 $142 22. hxg6 fxg6 23. Nxg6 e4 24. Qxe4 Re8 25. Nxf8 Rxe4 26. Nxd7 Rxe3) 22. Bxf4 Ne5 23. Bxe5 dxe5 24. hxg6 hxg6 {[#]} 25. Nxg6 $1 {[%mdl 512] White threatens Qh3 and mate.} e4 (25... fxg6 26. Qxg6+) 26. Qh3 {[%csl Gg6][%cal Rh3h8]} fxg6 27. Qe6+ {White mates.} Kh7 28. Rxf8 {[%csl Gf8][%cal Re6g8]} Qg3+ 29. Kf1 {[%csl Gf8][%cal Re6g8]} Ng7 30. Qg8# $1 {Precision: White = 76%, Black = 13%.} 1-0

[Event "WYCC 2018 O16"]
[Site "Halkidiki"]
[Date "2018.10.28"]
[Round "9"]
[White "Wijesinghe, N L C Dojitha"]
[Black "Lou, Vincent"]
[Result "0-1"]
[WhiteElo "1688"]
[BlackElo "2155"]
[Annotator "NA"]
[PlyCount "98"]
[EventDate "2018.10.20"]
[EventType "swiss"]
[EventCountry "GRE"]
[SourceTitle "playchess.com"]
[Source "ChessBase"]
[SourceQuality "1"]
[TimeControl "40/5400+30:1800+30"]

1. e4 {[%emt 0:00:00]} c5 {[%emt 0:00:00]} 2. Nf3 {[%emt 0:00:20]} d6 {[%emt 0:00:00]} 3. d4 {[%emt 0:00:04]} cxd4 {[%emt 0:00:00]} 4. Nxd4 {[%emt 0:00:05]} Nf6 {[%emt 0:00:00]} 5. Nc3 {[%emt 0:00:04]} a6 {[%emt 0:00:00]} 6. h3 {[%emt 0:01:04]} e5 {[%emt 0:01:22]} 7. Nde2 {[%emt 0:03:25]} Be7 {[%emt 0:03:10]} 8. g4 {[%emt 0:00:23]} Nc6 {[%emt 0:04:20]} 9. Bg2 {[%emt 0:00:12]} b5 {[%emt 0:06:43]} 10. Be3 {[%emt 0:01:22]} Bb7 {[%emt 0:04:45]} 11. Ng3 {[%emt 0:06:22]} b4 {[%emt 0:06:19]} 12. Na4 {[%emt 0:10:11]} g6 {[%emt 0:05:51]} 13. Bb6 {[%emt 0:10:31]} Qc8 {[%emt 0:03:02]} 14. Be3 {[%emt 0:14:09]} Nd7 {[%emt 0:04:50]} 15. c4 Nd8 {[%emt 0:03:26]} 16. b3 {[%emt 0:05:42]} Ne6 {[%emt 0:00:19]} 17. O-O {[%emt 0:04:14]} Qc7 {[%emt 0:11:06]} 18. Nb2 {[%emt 0:05:17]} Ndc5 {[%emt 0:07:24]} 19. Qd2 {[%emt 0:10:29]} a5 {[%emt 0:00:32]} 20. Rfd1 {[%emt 0:00:21]} O-O {[%emt 0:04:15]} 21. Qc2 {[%emt 0:01:17]} Rfd8 {[%emt 0:04:08]} 22. Rdc1 {[%emt 0:03:37]} Bg5 {[%emt 0:03:11]} 23. Bxg5 {[%emt 0:05:15]} Nxg5 {[%emt 0:00:14]} 24. Nd1 {[%emt 0:02:40]} Nge6 {[%emt 0:02:47]} 25. Ne2 {[%emt 0:03:52]} Qe7 {[%emt 0:02:42]} 26. Qd2 {[%emt 0:01:27]} Bxe4 {[%emt 0:03:53]} 27. f3 {[%emt 0:02:24]} Bc6 {[%emt 0:00:45]} 28. Ne3 {[%emt 0:00:43]} Qg5 {[%emt 0:06:45]} 29. Rd1 {[%emt 0:00:29]} Nf4 {[%emt 0:01:03]} 30. Nxf4 {[%emt 0:01:19]} Qxf4 {[%emt 0:01:36]} 31. Nd5 {[%emt 0:00:30]} Qxd2 {[%emt 0:01:07]} 32. Rxd2 {[%emt 0:00:03]} Bxd5 {[%emt 0:04:29]} 33. Rxd5 {[%emt 0:00:09]} Kf8 {[%emt 0:01:11]} 34. f4 {[%emt 0:01:12]} exf4 {[%emt 0:01:00]} 35. Rad1 {[%emt 0:01:11]} Ke7 {[%emt 0:00:28]} 36. g5 {[%emt 0:01:13]} a4 {[%emt 0:01:45]} 37. Re1+ {[%emt 0:02:03]} Ne6 {[%emt 0:01:04]} 38. Rb5 {[%emt 0:01:15]} Ra7 {[%emt 0:01:52]} 39. Rxb4 {[%emt 0:00:20]} axb3 {[%emt 0:00:14]} 40. axb3 {[%emt 0:00:00]} Rc8 {[%emt 0:00:00]} 41. h4 {[%emt 0:01:17]} h6 {[%emt 0:09:48]} 42. gxh6 {[%emt 0:12:40]} Rh8 {[%emt 0:00:41]} 43. h5 {[%emt 0:00:39]} gxh5 {[%emt 0:01:57]} 44. Rb5 {[%emt 0:02:01]} Rxh6 {[%emt 0:00:24]} 45. Kf2 {[%emt 0:02:20]} Ra2+ {[%emt 0:01:37]} 46. Kf1 {[%emt 0:01:49]} h4 {[%emt 0:04:15]} 47. Bh3 {[%emt 0:05:09]} Rh2 {[%emt 0:03:51]} 48. Bxe6 {[%emt 0:00:45]} Rh1+ {[%emt 0:01:55]} 49. Ke2 {[%emt 0:00:14]} Rxe6+ {[%emt 0:00:11]} 0-1

[Event "WYCC 2018 O16"]
[Site "Halkidiki"]
[Date "2018.10.29"]
[Round "10"]
[White "Esipenko, Andrey"]
[Black "Kaasen, Tor Fredrik"]
[Result "1/2-1/2"]
[WhiteElo "2609"]
[BlackElo "2388"]
[Annotator "TA"]
[PlyCount "85"]
[EventDate "2018.10.20"]
[EventType "swiss"]
[EventCountry "GRE"]
[SourceTitle "playchess.com"]
[Source "ChessBase"]
[SourceQuality "1"]

{[%evp 30,85,14,13,12,-9,-7,-14,-12,0,-1,-8,0,0,45,50,40,25,20,18,38,35,52,31,99,107,99,101,97,90,96,91,118,104,109,111,106,66,90,88,97,98,94,20,18,21,14,0,0,0,0,0,0,0,0,0,0,0]} 1. d4 Nf6 2. Nf3 e6 3. c4 b6 4. g3 Ba6 5. Qa4 Bb7 6. Bg2 c5 7. dxc5 bxc5 8. O-O Be7 9. Nc3 O-O 10. Rd1 Qb6 11. Bf4 d6 12. Rab1 {E15: Queen's Indian: 4 g3 sidelines, 4 g3 Ba6 and 4 g3 Bb7 early deviations} Bc6 (12... Nbd7 13. b4 Rfb8 14. a3 h6 15. h3 a6 16. Qa5 Qxa5 17. bxa5 Ne8 18. Ne5 Nxe5 19. Bxb7 Nxc4 20. Bxa8 Rxa8 {0-1 (49) Xu,Y (2545)-Jakovenko,D (2732) China 2018}) 13. Qc2 Rd8 14. Rd2 h6 15. Rbd1 Bb7 16. Qb3 {LiveBook: 17 Games. Black should prevent Qxb6.} Ne8 $1 17. e4 Qxb3 18. axb3 g5 19. Be3 $1 Nc6 $1 20. e5 Na5 $1 21. exd6 Rxd6 (21... Nxd6 $5 {[%cal Ra5b3]} 22. Bxc5 Nxb3 23. Bxd6 Nxd2 24. Bxe7 (24. Nxd2 Rxd6 25. Bxb7 Rad8 $15) 24... Bxf3 25. Bxd8 Rxd8 26. Bxf3 Nxf3+ 27. Kg2 Rxd1 28. Nxd1 Ne5 $11) 22. Rxd6 Bxd6 {[#]} 23. Nd2 $146 Bxg2 $1 24. Kxg2 f5 25. Ra1 Nc6 {Threatening ...f4.} 26. Nb5 Be7 (26... Bf8 $14) 27. Ra6 $36 {[%mdl 2048] White is on the roll.} Rc8 28. Nxa7 Nxa7 29. Rxa7 Bd6 30. f3 Rd8 31. Kf1 Nf6 32. Ke2 Kf8 33. Kd1 Ke8 34. Kc2 Nd7 35. f4 gxf4 36. Bxf4 (36. gxf4 $16 Nf8 37. Ra6) 36... Bxf4 $11 {The position is equal.} 37. gxf4 $16 {[%mdl 4096] Endgame KRN-KRN} Nf6 38. Nf3 Ng4 $1 39. Ne5 {[#] Nd3 is the strong threat.} Ne3+ 40. Kc3 Nd1+ 41. Kc2 {Black must now prevent b4!} Ne3+ 42. Kc3 {aiming for Nd3.} Nd1+ 43. Kc2 {Precision: White = 51%, Black = 84%.} 1/2-1/2